000 00435nam a2200145 4500
001 107144
003 ES-MaACL
007 t|
008 061121s1916 mx r ||||1| spa d
100 1 _aMorales Hesse, José.
_983044
245 1 3 _aEl General Pablo González
_b: datos para la historia 1910-1916 /
_cpor José Morales Hesse.
260 _aMéxico :
_b[s.n.],
_c1916.
300 _a130 p,, lám ;
_c21 cm.
852 _aES-MaACL
_jG-1214
999 _c107144
_d107144